00509nam a2200169Ia 450000500170000000800410001708200130005810000180007124500390008925000080012826000420013630000130017865000280019194200060021995200990022599900150032420250324042248.0240331s9999 xx 000 0 und d bRAMa894 aRamanathan, V 0aMaha kavi bhjarathiyar kaviyhaikal a4th aChennaibSree indhu publicationc1996 a472 p ., aBharathiyar kavithaikal cL 001040708LaWERCLbWERCLcSSCd2024-03-31l0o 894.811 RAMp4538r2024-03-31w2024-03-31yL c4024d4024